ბათუმის შოთა რუსთაველის სახელმწიფო უნივერსიტეტის ბიბლიოთეკა

Фармация. №6.том65. 2016 (ბიბ.ჩანაწერი № 51883)

000 -LEADER
fixed length control field 00537nam a2200193Ia 4500
001 - CONTROL NUMBER
control field 18882
003 - CONTROL NUMBER IDENTIFIER
control field GE_BSU
008 - FIXED-LENGTH DATA ELEMENTS--GENERAL INFORMATION
fixed length control field 181216s||||||||xx |||||||||||||| ||und||
040 ## - CATALOGING SOURCE
Transcribing agency GE_BSU
245 ## - TITLE STATEMENT
Title Фармация. №6.том65. 2016
245 ## - TITLE STATEMENT
Remainder of title научно -практический журнал
245 ## - TITLE STATEMENT
Statement of responsibility, etc. Гл. ред.И.А.Самылина
260 ## - PUBLICATION, DISTRIBUTION, ETC.
Place of publication, distribution, etc. Москва
260 ## - PUBLICATION, DISTRIBUTION, ETC.
Date of publication, distribution, etc. 2016
300 ## - PHYSICAL DESCRIPTION
Extent 54стр,28см
520 ## - SUMMARY, ETC.
Summary, etc. Выходит 8 раз в год
653 ## - INDEX TERM--UNCONTROLLED
Uncontrolled term Фармация. №6.2016
942 ## - ADDED ENTRY ELEMENTS (KOHA)
Koha item type პერიოდიკა
ეგზემპლარები
Withdrawn status Lost status Damaged status Not for loan Date acquired Barcode Date last seen Price effective from Koha item type
        2018-12-17 p77931 2018-12-17 2018-12-17 პერიოდიკა